<?xml version="1.0" encoding="UTF-8"?>
<collection xmlns="http://www.loc.gov/MARC21/slim">
 <record>
  <leader>02571nam a2200337 i 4500</leader>
  <controlfield tag="001">000702433</controlfield>
  <controlfield tag="003">CZ-PrGP</controlfield>
  <controlfield tag="005">20231015192343.0</controlfield>
  <controlfield tag="007">cr cn</controlfield>
  <controlfield tag="008">221111s2021    xr            000 0 cze</controlfield>
  <datafield tag="STA" ind1=" " ind2=" ">
   <subfield code="a">NEZPRACOVANÝ IMPORT</subfield>
  </datafield>
  <datafield tag="020" ind1=" " ind2=" ">
   <subfield code="a">978-80-7676-159-9</subfield>
   <subfield code="c">445 Kč</subfield>
   <subfield code="q">(online ; epub)</subfield>
  </datafield>
  <datafield tag="020" ind1=" " ind2=" ">
   <subfield code="a">978-80-7676-158-2</subfield>
   <subfield code="c">495 Kč</subfield>
   <subfield code="q">(print)</subfield>
  </datafield>
  <datafield tag="072" ind1=" " ind2="7">
   <subfield code="a">BUS001000</subfield>
   <subfield code="x">BUSINESS &amp; ECONOMICS / Accounting / General</subfield>
   <subfield code="2">bisacsh</subfield>
  </datafield>
  <datafield tag="100" ind1="1" ind2=" ">
   <subfield code="a">Dana, Dvořáková</subfield>
  </datafield>
  <datafield tag="245" ind1="1" ind2="0">
   <subfield code="a">Základy účetnictví - 3., aktualizované vydání</subfield>
   <subfield code="c">Dvořáková Dana</subfield>
  </datafield>
  <datafield tag="250" ind1=" " ind2=" ">
   <subfield code="a">1. elektronické vydání</subfield>
  </datafield>
  <datafield tag="264" ind1=" " ind2="1">
   <subfield code="b">Wolters Kluwer</subfield>
   <subfield code="c">2021</subfield>
  </datafield>
  <datafield tag="300" ind1=" " ind2=" ">
   <subfield code="a">1 online zdroj (288 stran)</subfield>
  </datafield>
  <datafield tag="336" ind1=" " ind2=" ">
   <subfield code="a">text</subfield>
   <subfield code="b">txt</subfield>
   <subfield code="2">rdacontent</subfield>
  </datafield>
  <datafield tag="337" ind1=" " ind2=" ">
   <subfield code="a">počítač</subfield>
   <subfield code="b">c</subfield>
   <subfield code="2">rdamedia</subfield>
  </datafield>
  <datafield tag="338" ind1=" " ind2=" ">
   <subfield code="a">online zdroj</subfield>
   <subfield code="b">cr</subfield>
   <subfield code="2">rdacarrier</subfield>
  </datafield>
  <datafield tag="520" ind1="3" ind2=" ">
   <subfield code="a">&lt;p&gt;Cílem předkládané publikace je podat výklad základů účetnictví, který umožní porozumět účetnictví na určité úrovni obecnosti a snáze potom pochopit odlišnosti jednotlivých účetních systémů v jejich konkrétní národní či mezinárodní modifikaci.&lt;br /&gt;Publikace je strukturována do sedmi kapitol. První tři kapitoly jsou věnovány metodickým prvkům účetnictví a celosvětově akceptovaným předpokladům a zásadám vedení účetnictví a sestavovaní účetních výkazů. Tyto kapitoly zahrnují problematiku od bilancování a sestavení rozvahy po výklad základních nástrojů a metod účetní práce. Další dvě kapitoly jsou zaměřeny na účetní zachycení nákladů, výnosů, sestavení výsledovky a sestavení výkazu peněžních toků. Samostatná kapitola je věnována oceňování. Závěrečná kapitola se zabývá historií, ale i dalším vývojem účetnictví. Publikace vychází z Mezinárodních standardů účetního výkaznictví (IFRS) i ze systému účetnictví užívaného v České republice.&lt;/p&gt; &lt;p&gt;Kniha je určena nejen studentům, kteří studují účetnictví či jiné ekonomické disciplíny (ať již na vysokých nebo vyšších odborných školách), je adresována všem, kteří mají zájem pochopit účetnictví jako systém a porozumět informacím, které účetnictví přináší.&lt;/p&gt;</subfield>
  </datafield>
  <datafield tag="650" ind1="0" ind2="4">
   <subfield code="a">Účetnictví</subfield>
  </datafield>
  <datafield tag="856" ind1="4" ind2="0">
   <subfield code="u">https://www.bookport.cz/AccountSaml/SignIn/?idp=https://id.vse.cz/idp/shibboleth&amp;returnUrl=/kniha/zaklady-ucetnictvi-3-aktualizovane-vydani-11135/</subfield>
   <subfield code="y">Plný text</subfield>
  </datafield>
  <datafield tag="BAS" ind1=" " ind2=" ">
   <subfield code="a">BOOKPORT</subfield>
  </datafield>
  <datafield tag="BAS" ind1=" " ind2=" ">
   <subfield code="a">EB</subfield>
  </datafield>
  <datafield tag="LKR" ind1=" " ind2=" ">
   <subfield code="a">PAR</subfield>
   <subfield code="b">000687343</subfield>
   <subfield code="l">UEP01</subfield>
   <subfield code="r">776</subfield>
   <subfield code="m">E-book</subfield>
   <subfield code="n">Tištěná verze</subfield>
  </datafield>
  <datafield tag="993" ind1=" " ind2=" ">
   <subfield code="x">NEPOSILAT</subfield>
   <subfield code="y">EB</subfield>
  </datafield>
 </record>
</collection>
